| 000 | 00542nam a22002291a 4500 | ||
|---|---|---|---|
| 001 | 1761 | ||
| 003 | OSt | ||
| 005 | 20260204211746.0 | ||
| 008 | 040120s1994||||sp ||||||b||||||||||spa|| | ||
| 020 | _a8448118588 | ||
| 050 | _a006.3 R371i | ||
| 082 | _a006.3 R371i | ||
| 100 | _aRich, Elaine | ||
| 245 | _aInteligencia artificial / Elaine Rich | ||
| 250 | _a2 | ||
| 264 | _aEspaña : McGraw-Hill | ||
| 300 | _a703 p. | ||
| 500 | _aIncluye indice | ||
| 650 | _a1.Inteligencia Artificial | ||
| 700 | _aKnght, KevinÌ | ||
| 942 |
_2ddc _cBK |
||
| 999 |
_c1761 _d1761 |
||